[Event "Wch U16"]
[Site "Oropesa del Mar"]
[Date "1999.10.25"]
[Round "2"]
[White "Rodionov, Adil"]
[Black "Azarov, Sergei Nikolaevich"]
[Result "0-1"]
[WhiteElo "2256"]
[BlackElo "2432"]
[PlyCount "70"]
[EventDate "1999.10.24"]
[EventType "swiss"]
[EventRounds "11"]
[EventCountry "ESP"]
[SourceTitle "CBM 072 Extra"]
[Source "ChessBase"]
[SourceDate "1999.11.18"]
[SourceVersion "1"]
[SourceVersionDate "1999.11.18"]
[SourceQuality "1"]

1. d4 d5 2. Nf3 Nf6 3. Bg5 e6 4. Nbd2 c5 5. e3 Nc6 6. c3 Be7 7. Bd3 0-0 8. Ne5 cxd4 9. exd4 Nxe5 10. dxe5 Nd7 11. Bxe7 Qxe7 12. Qh5 h6 13. Nf3 b6 14. 0-0-0 Bb7 15. Rhe1 Nc5 16. Bc2 Rac8 17. g4 Ne4 18. g5 Rxc3 19. Kb1 g6 20. Qg4 Nxf2 21. Qg3 Nxd1 22. Rxd1 Qb4 23. a3 Qb5 24. gxh6 Rxc2 25. Kxc2 Qe2+ 26. Rd2 Qe4+ 27. Kd1 Ba6 28. Rc2 Bd3 29. Rc3 Be2+ 30. Kd2 Bxf3 31. Rxf3 Rc8 32. Rd3 Rc4 33. b3 Qf4+ 34. Qxf4 Rxf4 35. Rc3 Rf2+ 0-1